Trabzon Airport Destinations (Trabzon, Turkey) - Statistics

General Stats
  • This quiz has been taken 59 times
    15 since last reset
  • The average score is 18 of 28
Answer Stats
Airline Destination % Correct
Air Arabia Abu Dhabi
100%
Azerbaijan Airlines Baku
100%
flydubai/Pegasus Airlines Dubai (International)
100%
Turkish Airlines Istanbul
100%
AJet/Pegasus Airlines Istanbul (Sabiha Gökçen)
100%
Pegasus Airlines/SunExpress İzmir
100%
AJet Ankara
93%
Pegasus Airlines/SunExpress Antalya
86%
flyadeal/flynas/Pegasus Airlines Jeddah
79%
Jazeera Airways/Kuwait Airways/Pegasus Airlines Kuwait City
79%
Oman Air/Pegasus Airlines/SalamAir/Turkish Airlines Muscat
79%
flyadeal/flynas/Pegasus Airlines Riyadh
79%
Pegasus Airlines/SunExpress Adana/Mersin
71%
Pegasus Airlines/Qatar Airways Doha
71%
Gulf Air/Pegasus Airlines/Southwind Airlines Bahrain
64%
AJet Bursa
64%
flynas/Pegasus Airlines Dammam
64%
Pegasus Airlines Gaziantep
57%
AJet/Turkish Airlines Munich
50%
Air Arabia Sharjah
50%
Pegasus Airlines Amman (Queen Alia)
43%
Pegasus Airlines/SunExpress Düsseldorf
43%
AJet Diyarbakir
29%
Pegasus Airlines Ercan
14%
Centrum Air Tashkent
14%
Somon Air Dushanbe
7%
flyadeal Gassim
7%
Pegasus Airlines Kocaeli
7%
No matching quizzes found
Score Distribution
Percent of People with Each Score
Percentile by Number Answered
Your Score History
You have not taken this quiz since the last reset